| 000 | 00405nam a22001937a 4500 | ||
|---|---|---|---|
| 003 | UA-OsUOA | ||
| 001 | 35475 | ||
| 007 | ta | ||
| 008 | 20051201b un ||||| |||| 00| 0 ukr d | ||
| 942 | _cMG | ||
| 040 |
_aUA-OsUOA _bpol _cUA-OsUOA _dUA-OsUOA |
||
| 245 | _aпнеенаенк | ||
| 300 | _a363 с. | ||
| 955 | _a0 | ||
| 041 | _apol | ||
| 260 |
_aК. _bА.С.К. _c2005 |
||
| 246 | 3 | 1 |
_a86 _n |
| 650 | 7 | _2UDC | |
| 999 |
_c321835 _d321835 |
||